| 000 | 00954nac a22002531u 4500 | ||
|---|---|---|---|
| 010 | _a 2001277837 | ||
| 020 | _a0072134895 | ||
| 035 | _a(OCoLC)ocm48064326 | ||
| 082 | 0 | 0 |
_a005.756 _bHOU |
| 090 |
_c5701 _d5701 |
||
| 100 | _aHoulette, Forrest, | ||
| 245 | 1 | 0 |
_aTroubleshooting SQL / _cForrest Houlette. |
| 260 |
_aNew York : _bOsborne/McGraw-Hill,2001 _c2001. |
||
| 300 |
_axxiii, 357 p. : _bill. ; _c24 cm. |
||
| 500 | _aIncludes index. | ||
| 500 | _adistributer: Al-Ahram | ||
| 511 | _acatalogued by: wessam | ||
| 650 | 0 | _aSQL (Computer program language) | |
| 650 | 0 | _aRelational databases. | |
| 856 | 4 | 2 |
_3Publisher description _uhttp://www.loc.gov/catdir/description/mh024/2001277837.html |
| 856 | 4 | 2 |
_3Table of contents _uhttp://www.loc.gov/catdir/toc/mh023/2001277837.html |
| 942 |
_cBB _k005.756HOU |
||
| 999 |
_c5701 _d5701 |
||